[Event "Moscow3"]
[Site "Moscow"]
[Date "1992.??.??"]
[Round "?"]
[White "Arbakov, Valentin"]
[Black "Gutop, Yuri V"]
[Result "1/2-1/2"]
[WhiteElo "2450"]
[BlackElo "2430"]
[PlyCount "48"]
[EventDate "1992.??.??"]
[EventType "tourn"]
[EventRounds "13"]
[EventCountry "RUS"]
[EventCategory "8"]
[SourceTitle "EXT 1997"]
[Source "ChessBase"]
[SourceDate "1996.11.15"]
[SourceVersion "1"]
[SourceVersionDate "1996.11.15"]
[SourceQuality "1"]

1. d4 Nf6 2. c4 e6 3. Nf3 d5 4. Nc3 c5 5. cxd5 Nxd5 6. e4 Nxc3 7. bxc3 cxd4 8. cxd4 Nc6 9. Bc4 b5 10. Be2 Bb4+ 11. Bd2 Qa5 12. Rc1 Bb7 13. d5 exd5 14. exd5 Bxd2+ 15. Nxd2 Nd4 16. 0-0 0-0 17. Nb3 Nxe2+ 18. Qxe2 Qb6 19. Rfd1 Rad8 20. Rc5 Rfe8 21. Qxb5 Qxb5 22. Rxb5 Rxd5 23. Rbxd5 Bxd5 24. f3 Bxb3 1/2-1/2

[Event "Moscow3"]
[Site "Moscow"]
[Date "1992.??.??"]
[Round "?"]
[White "Gutop, Yuri V"]
[Black "Laketic, Gojko"]
[Result "0-1"]
[WhiteElo "2430"]
[BlackElo "2480"]
[PlyCount "94"]
[EventDate "1992.??.??"]
[EventType "tourn"]
[EventRounds "13"]
[EventCountry "RUS"]
[EventCategory "8"]
[SourceTitle "EXT 1997"]
[Source "ChessBase"]
[SourceDate "1996.11.15"]
[SourceVersion "1"]
[SourceVersionDate "1996.11.15"]
[SourceQuality "1"]

1. c4 e5 2. Nc3 Bb4 3. Nf3 Bxc3 4. dxc3 Qe7 5. g3 d6 6. Bg2 Nf6 7. Bg5 0-0 8. Nd2 h6 9. Bxf6 Qxf6 10. Nf1 Qd8 11. e4 Be6 12. Ne3 a6 13. 0-0 b5 14. cxb5 axb5 15. a3 Nd7 16. Qe2 Qb8 17. Rfd1 Re8 18. Nd5 Nc5 19. Bf1 c6 20. Nb4 Qc7 21. Qe3 Na4 22. Rd2 Nb6 23. Rad1 Red8 24. f4 f6 25. Rf2 Nc4 26. Bxc4 bxc4 27. Re1 Rab8 28. Rd2 Ra8 29. Red1 Bf7 30. f5 Rd7 31. g4 Rad8 32. h4 d5 33. Qc5 dxe4 34. Nxc6 Kh7 35. Rxd7 Rxd7 36. Rxd7 Qxd7 37. Qe7 Qd1+ 38. Kh2 Qe2+ 39. Kh3 Qf3+ 40. Kh2 Bd5 41. Nb4 Qf2+ 42. Kh3 h5 43. g5 Qxf5+ 44. Kh2 Qf2+ 45. Kh3 fxg5 46. hxg5 Qf5+ 47. Kh2 Be6 0-1

[Event "Moscow3"]
[Site "Moscow"]
[Date "1992.??.??"]
[Round "?"]
[White "Gutop, Yuri V"]
[Black "Muhutdinov, Marat"]
[Result "1/2-1/2"]
[WhiteElo "2430"]
[BlackElo "2440"]
[PlyCount "97"]
[EventDate "1992.??.??"]
[EventType "tourn"]
[EventRounds "13"]
[EventCountry "RUS"]
[EventCategory "8"]
[SourceTitle "EXT 1997"]
[Source "ChessBase"]
[SourceDate "1996.11.15"]
[SourceVersion "1"]
[SourceVersionDate "1996.11.15"]
[SourceQuality "1"]

1. e4 c5 2. Nf3 d6 3. d4 cxd4 4. Nxd4 Nf6 5. Nc3 a6 6. g3 e5 7. Nde2 Be7 8. Bg2 b5 9. 0-0 Bb7 10. h3 Nbd7 11. g4 b4 12. Nd5 Nxd5 13. exd5 Bg5 14. Ng3 Bxc1 15. Rxc1 Nc5 16. Re1 0-0 17. Ne4 Rc8 18. Qd2 Qb6 19. c3 Nxe4 20. Rxe4 bxc3 21. bxc3 a5 22. c4 Ba6 23. Bf1 Rc5 24. Bd3 Qc7 25. f4 f6 26. Kh2 Rb8 27. g5 f5 28. Re3 e4 29. Be2 Bxc4 30. Rec3 Bxe2 31. Rxc5 dxc5 32. d6 Qc6 33. Qxe2 Qxd6 34. Qc4+ Kh8 35. Kg3 h6 36. Qxc5 Qd3+ 37. Kh4 hxg5+ 38. fxg5 f4 39. Qf5 Qg3+ 40. Kh5 Qf3+ 41. Kh4 Qf2+ 42. Kh5 Qxa2 43. Qxf4 Qe2+ 44. Kh4 Qb2 45. Rc4 Re8 46. Qf7 Qe5 47. Rc7 e3 48. Qh5+ Kg8 49. Qf7+ 1/2-1/2

[Event "Moscow3"]
[Site "Moscow"]
[Date "1992.??.??"]
[Round "?"]
[White "Kuzmin, Gennadi P"]
[Black "Gutop, Yuri V"]
[Result "1/2-1/2"]
[WhiteElo "2535"]
[BlackElo "2430"]
[PlyCount "35"]
[EventDate "1992.??.??"]
[EventType "tourn"]
[EventRounds "13"]
[EventCountry "RUS"]
[EventCategory "8"]
[SourceTitle "EXT 1997"]
[Source "ChessBase"]
[SourceDate "1996.11.15"]
[SourceVersion "1"]
[SourceVersionDate "1996.11.15"]
[SourceQuality "1"]

1. e4 e6 2. d4 d5 3. Nc3 Bb4 4. a3 Bxc3+ 5. bxc3 dxe4 6. Qg4 Nf6 7. Qxg7 Rg8 8. Qh6 c5 9. Ne2 Nbd7 10. Qd2 Qc7 11. g3 b6 12. Bg2 Bb7 13. 0-0 0-0-0 14. a4 Ne5 15. Qf4 Nf3+ 16. Bxf3 exf3 17. Qxc7+ Kxc7 18. Nf4 1/2-1/2

[Event "Moscow4"]
[Site "Moscow"]
[Date "1992.??.??"]
[Round "?"]
[White "Laketic, Gojko"]
[Black "Gutop, Yuri V"]
[Result "1/2-1/2"]
[WhiteElo "2480"]
[BlackElo "2430"]
[PlyCount "45"]
[EventDate "1992.??.??"]
[EventType "tourn"]
[EventRounds "11"]
[EventCountry "RUS"]
[EventCategory "7"]
[SourceTitle "CBM 030"]
[Source "ChessBase"]
[SourceDate "1992.10.01"]
[SourceVersion "1"]
[SourceVersionDate "1992.10.01"]
[SourceQuality "1"]

1. e4 e6 2. d3 d5 3. Nd2 Nf6 4. Ngf3 Nc6 5. c3 e5 6. Be2 a5 7. 0-0 dxe4 8. dxe4 Bc5 9. Qc2 0-0 10. Nc4 Qe7 11. Bg5 h6 12. Bh4 Bg4 13. Ne3 Bxe3 14. fxe3 Rfd8 15. Bxf6 Qxf6 16. Nxe5 Qxe5 17. Bxg4 Qg5 18. Qe2 Ne5 19. Bh3 g6 20. Rad1 Rxd1 21. Rxd1 Rd8 22. Rd5 c6 23. Rd4 1/2-1/2

[Event "Moscow3"]
[Site "Moscow"]
[Date "1992.??.??"]
[Round "?"]
[White "Tseshkovsky, Vitaly"]
[Black "Gutop, Yuri V"]
[Result "1-0"]
[WhiteElo "2490"]
[BlackElo "2430"]
[PlyCount "87"]
[EventDate "1992.??.??"]
[EventType "tourn"]
[EventRounds "13"]
[EventCountry "RUS"]
[EventCategory "8"]
[SourceTitle "EXT 1997"]
[Source "ChessBase"]
[SourceDate "1996.11.15"]
[SourceVersion "1"]
[SourceVersionDate "1996.11.15"]
[SourceQuality "1"]

1. e4 e6 2. d4 d5 3. Nc3 Bb4 4. e5 c5 5. a3 Ba5 6. b4 cxd4 7. Nb5 Bc7 8. f4 Ne7 9. Nf3 Bd7 10. Nfxd4 0-0 11. Nxc7 Qxc7 12. Bb2 Qb6 13. Qd2 Ba4 14. Rb1 Nbc6 15. b5 Nxd4 16. Bxd4 Qc7 17. c3 Nf5 18. Bf2 a6 19. g4 Nh6 20. b6 Qc6 21. Rg1 Bb5 22. Bh3 Qc4 23. Rb4 Qd3 24. Rg3 Qxd2+ 25. Kxd2 Rac8 26. f5 Rc4 27. Rxc4 Bxc4 28. f6 Rc8 29. Bd4 Re8 30. Be3 Bb3 31. Rf3 Rf8 32. Rf4 Kh8 33. Rd4 Bc4 34. Ke1 Bb3 35. Bg2 Rc8 36. Kd2 Bc4 37. h3 gxf6 38. exf6 Ng8 39. g5 e5 40. Rxc4 dxc4 41. Bxb7 Rd8+ 42. Ke2 h6 43. h4 hxg5 44. hxg5 1-0

[Event "Moscow3"]
[Site "Moscow"]
[Date "1992.??.??"]
[Round "?"]
[White "Yilmaz, Turhan"]
[Black "Gutop, Yuri V"]
[Result "1/2-1/2"]
[WhiteElo "2390"]
[BlackElo "2430"]
[PlyCount "142"]
[EventDate "1992.??.??"]
[EventType "tourn"]
[EventRounds "13"]
[EventCountry "RUS"]
[EventCategory "8"]
[SourceTitle "EXT 1997"]
[Source "ChessBase"]
[SourceDate "1996.11.15"]
[SourceVersion "1"]
[SourceVersionDate "1996.11.15"]
[SourceQuality "1"]

1. e4 e5 2. Nf3 Nc6 3. Bb5 a6 4. Ba4 Nf6 5. Bxc6 dxc6 6. d3 Bc5 7. Be3 Bxe3 8. fxe3 Qd6 9. Qd2 Be6 10. Qc3 Nd7 11. Nbd2 f6 12. Nh4 Qc5 13. Qxc5 Nxc5 14. 0-0 0-0-0 15. Nf5 Rd7 16. b3 a5 17. Rf3 b6 18. Raf1 Nb7 19. h3 c5 20. Nb1 Nd8 21. Nc3 Nc6 22. R1f2 Kb7 23. g4 Na7 24. Rg2 h6 25. h4 Nc6 26. a3 Kc8 27. Nd5 Bxf5 28. Rxf5 Ne7 29. Nxe7+ Rxe7 30. g5 hxg5 31. hxg5 Rf8 32. Rgf2 Re6 33. Kf1 Kd7 34. Ke2 Ke7 35. Kd2 a4 36. Kc3 axb3 37. Kxb3 Rh8 38. gxf6+ gxf6 39. R5f3 Rd6 40. Rg2 Rh7 41. Rfg3 Rf7 42. Rg8 Kd7 43. R2g7 Rxg7 44. Rxg7+ Kc6 45. a4 Re6 46. Kc4 Rd6 47. Re7 Kb7 48. Kb5 Rc6 49. Rd7 Re6 50. Rf7 Rd6 51. Rh7 Re6 52. Rh2 Rd6 53. Rf2 Re6 54. Rf1 Rd6 55. Ra1 Rd8 56. Rf1 Rd6 57. Rh1 Re6 58. Rb1 Rd6 59. a5 bxa5 60. Kxc5+ Ka6 61. d4 exd4 62. exd4 Re6 63. Kd5 Rd6+ 64. Kc4 Rc6+ 65. Kd3 a4 66. c4 Rb6 67. Kc2 Rxb1 68. Kxb1 Kb6 69. Kb2 c5 70. d5 Ka6 71. Ka2 Kb6 1/2-1/2

[Event "Moscow-ch56"]
[Site "Moscow"]
[Date "1978.01.??"]
[Round "?"]
[White "Makarichev, Sergey"]
[Black "Gutop, Yuri V"]
[Result "1/2-1/2"]
[WhiteElo "2495"]
[BlackElo "2430"]
[PlyCount "81"]
[EventDate "1978.01.??"]
[EventType "tourn"]
[EventRounds "16"]
[EventCountry "URS"]
[SourceTitle "EXT 2002"]
[Source "ChessBase"]
[SourceDate "2001.11.25"]
[SourceVersion "1"]
[SourceVersionDate "2001.11.25"]
[SourceQuality "1"]

1. e4 c6 2. c4 d5 3. cxd5 cxd5 4. exd5 Nf6 5. Bb5+ Bd7 6. Bc4 Qc7 7. d3 b5 8. Bb3 a5 9. a4 bxa4 10. Bc4 Qe5+ 11. Be3 Nxd5 12. Nf3 Qh5 13. Bxd5 Qxd5 14. Nc3 Qb7 15. Nxa4 e6 16. 0-0 Bb4 17. Ne5 0-0 18. Qg4 Bxa4 19. Rxa4 Qb5 20. Rfa1 Nd7 21. Nxd7 Qxd7 22. Qe2 Qb5 23. Kf1 Rad8 24. d4 Qc6 25. R4a2 Qd5 26. Ra4 Rc8 27. Qd3 Rfd8 28. Rd1 e5 29. Raa1 exd4 30. Bf4 h6 31. h3 Rc6 32. Rac1 Re6 33. Kg1 Qe4 34. Bc7 Qxd3 35. Rxd3 Rc8 36. Rxd4 Re2 37. b3 Rb2 38. Rd3 Bd2 39. Rd1 Rxc7 40. R1xd2 Rxd2 41. Rxd2 1/2-1/2